عرض عادي
عرض مارك
- Biomechanics.
مدخل مصطلح موضوعي
001 - رقم الضبط
- حقل الضبط: 88207
003 - معرف رقم الضبط
- حقل الضبط: OSt
005 - تاريخ ووقت أخر عملية
- حقل الضبط: 20210304170656.0
008 - عناصر بيانات ثابتة الطول
- حقل تحكم ثابت الطول: 210304|| aca||aabn | a|a d
040 ## - مصدر الفهرسة
- هيئة الفهرسة الأصلية: OSt
- وكالة الكتابة: OSt
150 ## - مدخل-- مصطلح تاريخي
- عنصر مدخل المصطلح الموضوعي او الاسم الجغرافي: Biomechanics.
670 ## - بيانات المصدر موجوده
- الاستشهاد بالمصدر: Work cat.: (OSt)0: Johnson, Arthur T. (Arthur Thomas), 1941- 88205, Biomechanics and exercise physiology :, c2007.
